The case of Richard Meynell /

Bibliographic Details
Main Author: Ward, Humphry, Mrs., 1851-1920
Format: Book
Language:English
Published: Garden city, N. Y. : Doubleday, Page & company, 1911.

MARC

Tag First Indicator Second Indicator Subfields
LEADER 00000cam a2200000 4500
001 in00000024572
005 20170602140241.0
008 750529s1911 nyuf 00011 eng u
010 |a  11027651  
035 |a (OCoLC)01359172 
035 |9 AAD4810AM 
040 |c GUA  |d TXA  |d UtOrBLW 
049 |a TXAM  |c [19395] 
050 0 0 |a PZ3.W215  |b Ca  |a PR5714 
090 |a PR5714  |b .C37 1911 
092 |a 823  |b W261c 
100 1 |a Ward, Humphry,  |c Mrs.,  |d 1851-1920. 
245 1 4 |a The case of Richard Meynell /  |c by Mrs. Humphry Ward; illustrations by Charles E. Brock. 
264 1 |a Garden city, N. Y. :  |b Doubleday, Page & company,  |c 1911. 
300 |a viii pages, 2 ., 3-630 pages :  |b frontispiece, plates. ;  |c 21 cm. 
336 |a text  |b txt  |2 rdacontent 
337 |a unmediated  |b n  |2 rdamedia 
338 |a volume  |b nc  |2 rdacarrier 
999 |a MARS 
999 f f |s 96f47db7-610e-3392-82b6-d8954b33b386  |i 11dab989-4e2a-388a-8ef0-13b868a58c52  |t 0 
952 f f |p ric  |a Texas A&M University  |b Rellis Campus  |c Joint Library Facility  |d Remote Storage  |t 0  |e PR5714 .C37 1911  |h Library of Congress classification  |i unmediated -- volume  |m A14801332685 
998 f f |a PR5714 .C37 1911  |t 0  |l Remote Storage